[Event "Tancats de l'Urgell E"]
[Site "Tarrega"]
[Date "2011.04.08"]
[Round "1.4"]
[White "Sola Macia, Arcadi"]
[Black "Aznar Perez, Pere"]
[Result "1-0"]
[WhiteElo "1736"]
[BlackElo "1751"]
[PlyCount "81"]
[EventDate "2011.04.08"]
[EventType "tourn"]
[EventRounds "9"]
[EventCountry "ESP"]
[SourceTitle "EXT 2023"]
[Source "ChessBase"]
[SourceDate "2022.10.05"]
[SourceVersion "1"]
[SourceVersionDate "2022.10.05"]
[SourceQuality "1"]

1. e4 e5 2. f4 Nc6 3. Nf3 d6 4. Bc4 h6 5. 0-0 Nf6 6. d3 Bg4 7. h3 Bxf3 8. Qxf3 Nd4 9. Qd1 b5 10. Bb3 Nxb3 11. axb3 Be7 12. Be3 a6 13. Nd2 0-0 14. Nf3 exf4 15. Bxf4 Nh5 16. Bh2 Bh4 17. Nxh4 Qxh4 18. Qf3 Qg5 19. Rf2 Rae8 20. Rxa6 Re6 21. Bf4 Qg6 22. Qe2 Rf6 23. Bh2 Ng3 24. Bxg3 Qxg3 25. Rxf6 gxf6 26. Qg4+ Qxg4 27. hxg4 Kg7 28. Kf2 Kg6 29. Kf3 Rc8 30. d4 c6 31. c3 d5 32. exd5 cxd5 33. Rb6 Ra8 34. Rxb5 Ra2 35. Rxd5 Rxb2 36. Rb5 Rc2 37. c4 Rc3+ 38. Kf2 Rc2+ 39. Kg1 f5 40. gxf5+ Kg5 41. d5 1-0